00426nam a22001457a 450000500170000000800410001702000160005804100120007408200120008610000120009824500610011026000560017130000280022765000250025520240809133716.0240809b |||||||| |||| 00| 0 eng d a0409016829  aEnglish a349 SOU lEnglish aIndex and Noter-Up to the South African Law Reports 1996 aDurban: bButterworths Publishers (Pty) Ltd, c1997 bv, 196 pages; c25 cm.  aLegal practice bLaw